Quiz Mario - Statistiques

Statistiques générales
  • Ce quiz a été pris 15 fois
  • Le résultat moyen est 12 sur 30
Statistiques - réponses
Question Réponse % Correct
En quelle année est sorti le premier Super Mario Bros. ? 1985
75%
Dans le film Super Mario Bros., de quel instrument Bowser joue-t-il ? Du piano
67%
Dans sa première apparition dans Donkey Kong, Mario était connu sous un autre nom. Quel est-il ? Jump Man
67%
Dans Super Mario 64, de quel peuple est roi le Boss du premier monde ? Les Bob-Omb
67%
Quel sport est pratiqué dans le premier jeu Mario où est apparu Waluigi ? Le Tennis
67%
Dans les Mario Party, de quelle couleur est la case qui donne 3 pièces au joueurs qui s'arrête dessus ? Bleu
58%
De quel quartier de New York Mario et Luigi nettoient les égouts dans Mario Bros. ? Brooklyn
58%
Dans Super Mario Bros. Wonder, qu'est-ce qui parle sans arrêt aux joueurs qui passent devant ? Des fleurs cancan
58%
Quel est traditionnellement le circuit final de tous les Mario Kart ? La Route Arc-en-ciel
58%
Dans Super Mario Galaxy, qui sont les petites créatures en forme d'étoiles élevées par Harmonie ? Les Luma
58%
Dans Super Mario Sunshine, quel est le nom de l'île où se déroule l'aventure ? L'Île Delfino
58%
Dans Dr Mario, que faut-il éliminer ? Des virus
50%
Qui est connu pour être le créateur de Mario ? Shigeru Miyamoto
50%
Sous quel nom est connu le Super Mario Bros. 2 japonais, non exporté en raison de sa difficulté trop frustrante ? The Lost Levels
50%
Dans Super Mario Land, de quel pays est inspiré le royaume de Chai, dernier monde du jeu ? La Chine
42%
Dans Super Mario Bros. 3, de quelle créature magique Mario enfile un costume lui permettant de voler et se transformer en statue ? Le Tanuki
42%
Dans Super Mario Odyssey, où Mario croise-t-il Pauline ? New Donk City
42%
Dans Mario et Luigi : Les Frères du Temps, quel bouton est assigné aux actions de Bébé Mario ? X
42%
Dans New Super Mario Bros. Wii, qui est le troisième Boss ? Lemmy Koopa
33%
Dans Super Mario 3D World, qu'est-ce qui permet de se transformer en chat ? Une Super Clochette
33%
Quel est le seul jeu où Mario est l'antagoniste principal ? Donkey Kong Jr.
25%
Quel jeu a servi de base au Super Mario Bros. 2 occidental ? Doki Doki Panic
17%
Dans les Mario VS Donkey Kong, comment s'appellent les petits jouets à l'effigie de Mario ? Les Mini-Mario
17%
Dans Super Mario Galaxy 2, combien y a-t-il d'étoiles ? 242
8%
Super Mario RPG intègre deux persos originaux à l'équipe principale. Geno est l'un d'entre eux, qui est l'autre ? Mallow
8%
Dans Super Mario World, comment s'appelle le deuxième monde ? Donut Plains
0%
Dans quel jeu Game Boy Mario est archéologue et doit résoudre des grilles de Puzzle ? Mario's Picross
0%
De quel manga est-il possible d'incarner les protagonistes dans Super Mario Maker ? Nisekoi
0%
Dans les Paper Mario, qu'obtient-on en cuisinant ensembles un Champignon et un Sirop de Miel ? Un Champimiel
0%
Dans Super Mario Land 2, Mario de feu porte quelque-chose sur sa casquette pour le distinguer en raison de l'absence de couleurs de la Game Boy. De quoi s'agit-il ? Une plume
0%
Aucun quiz correspondant
Distribution des résultats
% des personnes avec chaque résultat
Percentile par nombre de réponses
Votre historique - résultats
Vous n’avez pas pris ce quiz